000 02982cam a2200613 i 4500
001 9781351124027
003 FlBoTFG
005 20250124161004.0
006 m d | |
007 cr |||||||||||
008 200514t20212021flua ob 001 0 eng
040 _aKO
_beng
040 _aOCoLC-P
_beng
_erda
_cOCoLC-P
020 _a9781351124010
_qelectronic book
020 _a1351124013
_qelectronic book
020 _a9781351124027
_qelectronic book
020 _a1351124021
_qelectronic book
020 _a9781351124003
_q(electronic bk. : EPUB)
020 _a1351124005
_q(electronic bk. : EPUB)
020 _a9781351123990
_q(electronic bk. : Mobipocket)
020 _a1351123998
_q(electronic bk. : Mobipocket)
020 _z9780367569037
_qpaperback
020 _z9780815357124
_qhardcover
041 0 _aeng
072 7 _aSCI
_x065000
_2bisacsh
072 7 _aSCI
_x085000
_2bisacsh
072 7 _aTEC
_x009070
_2bisacsh
072 7 _aTGMF
_2bicssc
082 0 0 _a532
_223
100 1 _aAnderson, Dale A.
_q(Dale Arden),
_d1936-
_eauthor.
245 1 0 _aComputational fluid mechanics and heat transfer /
_cDale A. Anderson, John C. Tannehill, Richard H. Pletcher, Ramakanth Munipalli, and Vijaya Shankar.
250 _aFourth edition.
264 1 _aBoca Raton, FL :
_bCRC Press,
_c2021.
264 4 _c©2021
300 _a1 online resource (xxviii, 946 pages) :
_billustrations.
336 _atext
_btxt
_2rdacontent
337 _acomputer
_bc
_2rdamedia
338 _aonline resource
_bcr
_2rdacarrier
490 1 _aComputational and physical processes in mechanics and thermal sciences
520 _a"This book is a fully updated version of the classic text on finite-difference and finite-volume computational methods. As an introductory text for advanced undergraduates and first-year graduate students, the Fourth Edition provides the background necessary for solving complex problems in fluid mechanics and heat transfer. Divided into two parts, the text covers essential concepts, and then moves on to fluids equations in the second part. Designed as a valuable resource for practitioners and students, new examples and homework problems have been added to further enhance the student's understanding of the fundamentals and applications"--
_cProvided by publisher.
588 _aOCLC-licensed vendor bibliographic record.
650 0 _aFluid mechanics.
650 0 _aHeat
_xTransmission.
650 7 _aSCIENCE / Mechanics / Dynamics / Thermodynamics
_2bisacsh
650 7 _aSCIENCE / Mechanics / Dynamics / Fluid Dynamics
_2bisacsh
650 7 _aTECHNOLOGY / Engineering / Mechanical
_2bisacsh
700 1 _aTannehill, John C.,
_eauthor.
700 1 _aPletcher, Richard H.,
_eauthor.
856 4 0 _3Taylor & Francis
_uhttps://www.taylorfrancis.com/books/9781351124027
856 4 2 _3OCLC metadata license agreement
_uhttp://www.oclc.org/content/dam/oclc/forms/terms/vbrl-201703.pdf
904 _aRUDRA_R
905 _aR_RANJAN
942 _cEB
999 _c3085
_d3085